000 00744nam a22002297a 4500
999 _c14818
_d14818
003 AR-CdUCM
008 190424b ||||| |||| 00| 0 spa d
020 _a978-84-9825-895-0
040 _aMUNICIPALIDAD PROVINCIAL DEL CUSCO
_cBIBLIOTECA MUNICIPAL DEL CUSCO
082 _aPI / 376.1 /
_bC77
100 _aCopons, Jaume
_933642
245 _aEste libro es de mi abuelo /
260 _aBarcelona :
_bCombel,
_c2014.
300 _bilustraciones,
_c23 cm.
500 _aTexto contiene instrucciones y stickers.
650 _aLiteratura infantil
_9588
650 _aAprendizaje infantil
_933271
650 _aPrimera infancia
_924660
700 _aFortuny, Liliana (ilustraciones)
_933730
942 _2ddc
_cLIBROS
945 _aachl
_d2019-04-24